Participative management : (Record no. 131637)

MARC details
000 -LEADER
fixed length control field 00743nam a22002297a 4500
005 - DATE AND TIME OF LATEST TRANSACTION
control field 20170124110132.0
010 ## - LIBRARY OF CONGRESS CONTROL NUMBER
LC control number 690846
020 ## - INTERNATIONAL STANDARD BOOK NUMBER
Terms of availability 00.00
035 ## - SYSTEM CONTROL NUMBER
System control number 690846
037 ## - SOURCE OF ACQUISITION
Source of stock number/acquisition Cen Lib/Ret
040 ## - CATALOGING SOURCE
Original cataloging agency DPL
Language of cataloging EN
082 ## - DEWEY DECIMAL CLASSIFICATION NUMBER
Classification number 658.315
Item number ALE
100 ## - MAIN ENTRY--PERSONAL NAME
Personal name Alexander, K. C.
9 (RLIN) 32333
245 ## - TITLE STATEMENT
Title Participative management :
Statement of responsibility, etc by K. C. Alexander
Remainder of title the Indian experience /
260 ## - PUBLICATION, DISTRIBUTION, ETC. (IMPRINT)
Place of publication, distribution, etc New Delhi
Name of publisher, distributor, etc Shri Ram Centre For Industrial Relations And Human Resources
Date of publication, distribution, etc 1972
270 ## - ADDRESS
Address 5 Pusa Road
City New Delhi
Postal code 110005
300 ## - PHYSICAL DESCRIPTION
Extent vi,132p.
Dimensions 22cm(Hb)
500 ## - GENERAL NOTE
General note Includes bibliographical references and index<br/>
650 ## - SUBJECT ADDED ENTRY--TOPICAL TERM
Topical term or geographic name as entry element Management
9 (RLIN) 3072
650 ## - SUBJECT ADDED ENTRY--TOPICAL TERM
Topical term or geographic name as entry element Participative management
9 (RLIN) 32334
942 ## - ADDED ENTRY ELEMENTS (KOHA)
Source of classification or shelving scheme Dewey Decimal Classification
Koha item type English Books
Classification part 658.315
Call number suffix ALE
Holdings
Withdrawn status Lost status Damaged status Not for loan Home library Current library Date acquired Source of acquisition Cost, normal purchase price Total Checkouts Full call number Barcode Date last seen Copy number Cost, replacement price Price effective from Koha item type Public note
Written off       Central Library Central Library 15/07/2015 Cen Lib/Ret 0.00   658.315 ALE 690846 15/07/2015 1 0.00 15/07/2015 English Books Written off on approval by DLB (By Circulation); dtd 15-06-2023

© Delhi Public Library
Hit Counter
free hit counter